=LDR 00000nam 2200000 4500 =001 INLIS000000000015669 =005 20130612110937 =008 ***********************************Ind** =035 ##$$0010-061300000015669 =041 ##$$a Ind =082 ##$$a 028.5 =090 ##$$a 058.5, Bas t =100 ##$$a Basya,Abdurrahman Ra'fat =245 ##$$a Tsumamah bin Utsal Zaidul Khair, Dr. Abdurrahman Ra'fat Basya; penerjemah, Hasan Edrus =260 ##$$a 1991 $b Bandung =300 ##$$a 37 hlm., ils., 20 cm =650 ##$$a Bacaan Anak-anak =700 ##$$a penerjemah, Hasan Edrus =850 ##$$a NBPNMAT